טוען...

Sultry days /

מידע ביבליוגרפי
מחבר ראשי: Shobha De
שפה:Undetermined
יצא לאור: New Delhi : Penguin Books , 1994.
LEADER 00590nam a2200145Ia 4500
001 46482
008 170722s9999 xx 000 0 und d
100 |a Shobha De 
245 |a Sultry days / 
260 |a New Delhi :  |b Penguin Books ,  |c 1994. 
300 |a 228 p.  |c 20cms 
942 |c GEN 
999 |c 113800  |d 113800 
952 |0 0  |1 0  |4 0  |6 O_23N481S_N4N41  |7 0  |9 160655  |a LIB  |b LIB  |d 2017-08-12  |o O-2,3N481,S N4-N4;1  |p 217083  |r 2017-08-12  |v 85.00  |w 2017-08-12  |y GEN 
952 |0 0  |1 0  |4 0  |6 O_23N481S_N4N41  |7 0  |9 160656  |a LIB  |b LIB  |d 2014-01-13  |e D C Books  |l 4  |o O-2,3N481,S N4-N4;1  |p 294210  |r 2020-05-05  |s 2020-03-11  |v 85.00  |w 2017-08-12  |y GEN